00680nam a2200229Ia 4500003000900000008004100009040001300050040001300063041000800076100002100084245004000105250001200145260001500157260000900172300001100181300001000192490003200202490000600234942000700240999001700247952018600264IT-RoPAU120407s9999 xx 000 0 und d aIT-RoPAU cIT-RoPAU aita aCasimir Romaniuk aIl sacerdozio nel Nuovo Testamento. aBologna aDehoniane  c1966 a236 p. c22 cm aSpiritualità sacerdotale  v9 cBK c29804d29804 00102ddc406265_400000000000000_1571aPAULUSbPAULUSd2012-04-11l0o265.4.15r2012-04-11 00:00:00w2012-04-11yBKzInserito da: In data: n.d. fondo: Via A.Severo 56 Progr:14316